| 000 | 02089cam a2200457 i 4500 | ||
|---|---|---|---|
| 001 | 20233061 | ||
| 003 | OSt | ||
| 005 | 20231204110423.0 | ||
| 008 | 170925s2017 ii a b 101 0 eng d | ||
| 010 | _a 2017350068 | ||
| 020 |
_a9788193415764 _q(hardback) |
||
| 020 | _a8193415760 | ||
| 025 | _aI-E-2017350068 ; 68-92 ; 69-92 | ||
| 035 | _a(OCoLC)on1007062610 | ||
| 035 | _a(OCoLC)1007062610 | ||
| 037 | _bLibrary of Congress -- New Delhi Overseas Office | ||
| 040 |
_aDKAGE _beng _erda _cDKAGE _dOCLCO _dOCLCF _dDLC |
||
| 042 |
_alccopycat _alcode |
||
| 043 | _aa-ii--- | ||
| 050 | 0 | 0 |
_aH62.5.I5 _bS47 2017 |
| 082 | 0 | 4 |
_a300.72054 _bJAY/K |
| 111 | 2 |
_aSeminar on "Knowing the Social World: Challenges and Responses" _d(2013 : _cSimla, India), _jauthor. |
|
| 245 | 1 | 0 |
_aKnowing the social world : _bperspectives and possibilities / _cedited by N. Jayaram. |
| 264 | 1 |
_aHyderabad, Telangana, India : _bOrient BlackSwan, _c2017. |
|
| 300 |
_axvi, 434 pages : _billustrations (black and white) ; _c23 cm |
||
| 336 |
_atext _btxt _2rdacontent |
||
| 337 |
_aunmediated _bn _2rdamedia |
||
| 338 |
_avolume _bnc _2rdacarrier |
||
| 500 | _a"A three-day seminar held at the Indian Institute of Advanced Study (IIAS), Shimla, in March 2013 ..."--Preface. | ||
| 504 | _aIncludes bibliographical references and index. | ||
| 520 | _aContributed articles presented at the Seminar on "Knowing the Social World: Challenges and Responses" held at Shimla between 13-15 March 2013. | ||
| 650 | 0 |
_aSocial sciences _xResearch _zIndia _xMethodology _vCongresses. |
|
| 650 | 7 |
_aSocial sciences _xResearch _xMethodology. _2fast _0(OCoLC)fst01122961 |
|
| 651 | 7 |
_aIndia. _2fast _0(OCoLC)fst01210276 |
|
| 655 | 7 |
_aConference papers and proceedings. _2fast _0(OCoLC)fst01423772 |
|
| 700 | 1 |
_aJayaram, N., _d1950- _eeditor. _99983 |
|
| 710 | 2 |
_aIndian Institute of Advanced Study, _ehost institution. |
|
| 906 |
_a7 _bcbc _ccopycat _d3 _encip _f20 _gy-gencatlg |
||
| 942 |
_2ddc _cBK _h300.72054 _iJAY/K _k300.72054 _mJAY/K |
||
| 999 |
_c43885 _d43885 |
||